000 00411nam a22001217a 4500
082 _a330.9549105
100 _aState Bank of Pakistan
245 _aThe state of Pakistan's economy : second quarterly report for the year 2004-2005 of the central board of state bank of Pakistan
_cState Bank of Pakistan
260 _aKarachi
_bState Bank of Pakistan
_c2005
300 _a100p
563 _aP.B
942 _2ddc
_cBK
999 _c588768
_d588768